00437nam a22001577a 4500008004100000020001500041050002100056100002200077245006400099250001200163260003900175300001500214650001400229650001200243700002400255220204b |||||||| |||| 00| 0 eng d a1333283500 aSF61b.F53 2016  aFladers, Frank B. aModern Livestock and Poultry Production cFrank B. Flanders a9th ed. aAustralia bCengage Learningc2016 axiv, 929p. aLivestock aPoultry aGillespie, James R.